Outsourcing leicht gemacht muss man denn alles selber machen?

Guardado en:
Detalles Bibliográficos
Autor principal: Mayer, Alexander G.
Otros Autores: Söbbing, Thomas
Formato: Libro
Lenguaje:alemán
Publicado: Frankfurt/Wien Redlinewirtschaft bei ueberreuter 2004
Materias:
Etiquetas: Agregar Etiqueta
Sin Etiquetas, Sea el primero en etiquetar este registro!

MARC

LEADER 00000nam$a2200000$$$4500
001 0010825
005 20240314090444.0
020 |a 3-8323-1019-3 
041 0 |a ger 
044 |a DE 
245 1 0 |a Outsourcing leicht gemacht  |b muss man denn alles selber machen?  |c Alexander G. Mayer, Thomas Söbbing 
264 1 |a Frankfurt/Wien  |b Redlinewirtschaft bei ueberreuter  |c 2004 
300 |a 229 s. 
610 2 0 |a outsourcing 
610 2 0 |a rozhodovanie 
610 2 0 |a modely 
610 2 0 |a podnik virtuálny 
610 2 0 |a telekomunikácie 
610 2 0 |a projekty 
610 2 0 |a manažment 
100 1 |a Mayer, Alexander G. 
700 1 |a Söbbing, Thomas